| 000 | 00463nam a2200133Ia 4500 | ||
|---|---|---|---|
| 008 | 220216s9999 xx 000 0 und d | ||
| 100 | _aChan H Y | ||
| 245 | 0 | _aMacro-pedogenetical relationships and classification of tropical soils under Hevea cultivation | |
| 260 | _bProceedings of the International Rubber Conference, Kuala Lumpur. V.3, 1975; p3-22 | ||
| 650 | _aHevea cultivation | ||
| 650 | _aSoil classification | ||
| 650 | _aTropical soils | ||
| 942 | _cJS | ||
| 999 |
_c62348 _d62348 |
||